• 首页
  • 本馆介绍
  • 公告通知
  • 最新文献
  • 馆藏检索
  • 电子资源
  • 读者导购
  • 参考咨询
  • 我的图书馆
  • 登录
  • 详细信息显示
  • 放入我的书架
  • 预约/预借图书
  • 作者相关作品
  • 分类相关作品
  • 丛书相关作品
  • 出版社相关作品

书目信息

  • 表格格式
  • 工作单格式
  • 卡片格式
题名:
会计报表实务
    
 
作者: 田美蕙 著
分册:  
出版信息: 北京   中国人民大学出版社  2004
页数: 394页
开本: 23cm
丛书名:
单 册:
中图分类: F231.5
科图分类:
主题词: 会计报表--基本知识 , 会计报表
电子资源:
ISBN: 7-300-06116-8
000 00890nam0 2200277 450
000 00913nam0 2200277 450
000 00844nam0 2200253 450
000 00808nam0 2200241 45
005 20070725151625.64
010    @a7-300-06116-8@dCNY29.80
100    @a20070711d2004 em y0chiy0120 ea
101 0  @achi
102    @aCN@b110000
105    @ay z 000yy
200 1  @a会计报表实务@AHui Ji Bao Biao Shi Wu@f田美蕙著@FTian Mei Hui Zhu
210    @a北京@c中国人民大学出版社@d2004
215    @a394页@d23cm
300    @a台湾经典图书
305    @a智高文化事业有限公司(Taiwan)授权出版
330    @a本书引用多家著名企业的会计报表实例,配合实际的企业会计信息及各种范例,介绍会计报表的阅读、分析与应用。
606 0  @a会计报表@x基本知识
606 0  @a会计报表
690    @aF231.5@v4
701  1 @a田美蕙@ATian Mei Hui@4著
801  0 @aCN@bTAOJIN@c20070725
905    @a10447@dF231.5@e284
    
    会计报表实务/田美蕙著.-北京:中国人民大学出版社,2004
    394页;23cm
    台湾经典图书
    
    ISBN 7-300-06116-8:CNY29.80
    本书引用多家著名企业的会计报表实例,配合实际的企业会计信息及各种范例,介绍会计报表的阅读、分析与应用。
●
相关链接 在E读中查询图书 在五车中查询图书 在当当中查询图书 在豆瓣中查询图书


正题名:会计报表实务     索取号:F231.5/284         预约/预借

序号 登录号 条形码 馆藏地/架位号 状态 备注
1 0825883   208258838   第一样本阅览室/ [索取号:F231.5/284] 在馆    
2 0825884   208258847   密集书库/ [索取号:F231.5/284] 在馆    
3 0825885   208258856   第一借阅区/ [索取号:F231.5/284] 在馆    
4 0825886   208258865   第一借阅区/ [索取号:F231.5/284] 在馆    
5 0825887   208258874   第一借阅区/ [索取号:F231.5/284] 在馆    
6 0825888   208258883   密集书库/ [索取号:F231.5/284] 在馆    
7 0825889   208258892   第一借阅区/ [索取号:F231.5/284] 在馆    
8 0825890   208258909   第一借阅区/ [索取号:F231.5/284] 在馆    
唐山师范学院图书馆 欢迎您!
大连网信软件有限公司© 版权所有